000
00320nam a22001337a 4500
005
20250901165819.0
008
250409b |||||||| |||| 00| 0 eng d
020
_a
9966497668
050
_a
PL 8704.S53 2003
245
_a
HAINI
_c
SHAFI ADAM
260
_a
NAIROBI
_b
LONGHORN PUBLISHERS
_c
2003
300
_a
272
942
_2
lcc
999
_c
9571
_d
9571